000 00234nam a22001097a 4500
082 _a080/BYR
100 _aByrne,Rhonda
_983676
245 _aCountdown To Riches
260 _aIreland
_bThorsons
_c2025
650 _aGeneral
942 _cBK
999 _c68623
_d68623